LEADER 01053cam0 2200277 450 001 E600200034621 005 20210128070155.0 100 $a20080219d1978 |||||ita|0103 ba 101 $aita 102 $aIT 200 1 $aSociologia e Marxismo nella critica di Gramsci$eDalla critica delle sociologie alla scienza della storia e delle politiche$fLuis Razeto Migliaro$gPasquale Misuraca 210 $aBari$cDe Donato$d1978 215 $a154 p.$d21 cm 225 2 $aIdeologia e società 410 1$1001LAEC00016455$12001 $a*Ideologia e società 700 1$aRazeto Migliaro$b, Luis$3A600200046746$4070$0143016 702 1$aMisuraca, Pasquale$3A600200046747$4070 801 0$aIT$bUNISOB$c20210128$gRICA 850 $aUNISOB 852 $aUNISOB$j300$m26875 912 $aE600200034621 940 $aM 102 Monografia moderna SBN 941 $aM 957 $a300$b001107$gSi$d26875$racquisto$1pregresso3$2UNISOB$3UNISOB$420080219081545.0$520190708141021.0$6Spinosa 996 $aSociologia e marxismo nella critica di Gramsci$9143990 997 $aUNISOB LEADER 01418nas 2200469- 450 001 9910449257203321 005 20231213213019.0 011 $a2196-677X 035 $a(DE-599)ZDB2810341-5 035 $a(OCoLC)67618072 035 $a(CKB)958480278103 035 $a(CONSER)--2015207021 035 $a(EXLCZ)99958480278103 100 $a20060425a19859999 s-- - 101 0 $ager 135 $aurun||||||||| 181 $ctxt$2rdacontent 182 $cc$2rdamedia 183 $acr$2rdacarrier 200 00$aAutomatisierungstechnik $eAT 210 1$aMünchen :$cOldenbourg 210 31$aBerlin, Germany :$cWalter de Gruyter GmbH. 215 $a1 online resource 300 $aRefereed/Peer-reviewed 311 $a0178-2312 517 1 $aAT 531 $aAUTOMATISIERUNGSTECHNIK AUTOMATISIERUNG PROZESS 531 $aAT-AUTOM 531 $aAUTOM 606 $aAutomatic control$vPeriodicals 606 $aAutomatic control$2fast$3(OCoLC)fst00822702 608 $aPeriodicals.$2fast 608 $aPeriodicals.$2lcgft 615 0$aAutomatic control 615 7$aAutomatic control. 676 $a629.8/05 712 02$aVDI/VDE-Gesellschaft Mess- und Regelungstechnik, 712 02$aNormenarbeitsgemeinschaft für Mess- und Regeltechnik in der Chemischen Industrie, 906 $aJOURNAL 912 $a9910449257203321 996 $aAutomatisierungstechnik$92298344 997 $aUNINA